| 000 | 00761nam a22002297a 4500 | ||
|---|---|---|---|
| 999 |
_c13117 _d13117 |
||
| 003 | AR-CdUCM | ||
| 008 | 190411b ||||| |||| 00| 0 spa d | ||
| 020 | _a978-968-16-4032-3 | ||
| 040 |
_aMUNICIPALIDAD PROVINCIAL DEL CUSCO _cBIBLIOTECA MUNICIPAL DEL CUSCO |
||
| 082 |
_aEP / 808.06 / _bH71 |
||
| 100 |
_aHolden, L. Dwight _931323 |
||
| 245 | _aEl mejor truco del abuelo / | ||
| 260 |
_aMéxico : _bFondo de cultura económica, _c2012. |
||
| 300 | _c22 cm. | ||
| 500 | _aLos especiales de a la orilla del viento. Texto sin numeración. | ||
| 505 | _aContenido :El mejor truco del abuelo. | ||
| 650 |
_aCuentos _9217 |
||
| 650 |
_aHistorietas _910786 |
||
| 700 |
_aLópez Ramírez, Laureana. _931324 |
||
| 942 |
_2ddc _cLIBROS |
||
| 945 |
_arum _d2019-04-11 |
||